Univerzitné pastoračné centrum, Bratislava

Na minha lista:
Detalhes bibliográficos
Autor principal: Slivková, Paulína (Author)
Outros Autores: Závodný, Ľubomír (Thesis advisor)
Formato: Manuscrito Livro
Idioma:eslovaco
Publicado em: 2025
Assuntos:
Acesso em linha:http://is.stuba.sk/zp/portal_zp.pl?podrobnosti=185304
Tags: Adicionar Tag
Sem tags, seja o primeiro a adicionar uma tag!

MARC

LEADER 00000ntm a22000003a 4500
001 stuzp105158
003 SK-STU
005 20250607211222.4
007 ta
008 150427s2015----xo-----f-mn---000-0-slo-d
040 |a STU  |b slo 
041 0 |a slo 
100 1 |a Slivková, Paulína  |u 051110  |4 aut  |U FAD Fakulta architektúry a dizajnu  |T FAD Ústav architektúry obytných budov  |X 99362  |U A1110  |Y 392  |7 99362 
242 0 1 |a University pastoral center, Bratislava  |y eng 
245 1 0 |a Univerzitné pastoračné centrum, Bratislava 
260 |c 2025 
650 4 |a chapel  |2 eng 
650 4 |a community  |2 eng 
650 4 |a spiritual  |2 eng 
650 4 |a komunitný  |2 slo 
650 4 |a kaplnka  |2 slo 
650 4 |a duchovný  |2 slo 
700 1 |a Závodný, Ľubomír  |u 051110  |k Z1  |4 ths  |U FAD Fakulta architektúry a dizajnu  |T FAD Ústav architektúry obytných budov  |X 45410  |U A1110  |Y 392  |7 45410 
856 4 |u http://is.stuba.sk/zp/portal_zp.pl?podrobnosti=185304